Primary Science (Record no. 3608)
[ view plain ]
| 000 -LEADER | |
|---|---|
| fixed length control field | 00227nam a22000857a 4500 |
| 008 - FIXED-LENGTH DATA ELEMENTS--GENERAL INFORMATION | |
| fixed length control field | 161024b xxu||||| |||| 00| 0 eng d |
| 100 ## - MAIN ENTRY--PERSONAL NAME | |
| 9 (RLIN) | 952 |
| Personal name | BalaSubramanian |
| 245 ## - TITLE STATEMENT | |
| Title | Primary Science |
| 260 ## - PUBLICATION, DISTRIBUTION, ETC. (IMPRINT) | |
| Place of publication, distribution, etc. | New Delhi |
| Name of publisher, distributor, etc. | Frank Publications |
| Date of publication, distribution, etc. | 2012 |
| Withdrawn status | Lost status | Source of classification or shelving scheme | Damaged status | Koha normalized classification for sorting | Not for loan | Home library | Current library | Shelving location | Date acquired | Total Checkouts | Full call number | Barcode | Date last seen | Price effective from | Koha item type |
|---|---|---|---|---|---|---|---|---|---|---|---|---|---|---|---|
| Dewey Decimal Classification | 500_000000000000000 | Good Samaritan School Library | Good Samaritan School Library | Science | 10/24/2016 | 500 | BAL9712 | 10/24/2016 | 10/24/2016 | BOOK |